000 00619nam a2200181Ia 4500
008 151202s9999||||xx |||||||||||||| ||und||
082 _bPNVM-67121
100 _aदीक्षित कमलाकर.
245 _aनामदारनामा.
260 _b"ब्लू बर्ड इंडिया लिमिटेड, पुणे."
260 _c2007
300 _a295
600 _aदीक्षित कमलाकर.
630 _aनामदारनामा.
700 _aदीक्षित कमलाकर.
730 _aनामदारनामा.
942 _cBOOK
999 _c1333653
_d1333650